000 00451nam a2200157 i 4500
001 90831
003 ES-MaACL
005 20230906180554.0
007 t|
008 050125s1971 sp ||||1| spa d
245 0 0 _aLecturas intermedias de árabe literal /
_ceditadas por Reyes Carbonell.
260 _a[Madrid :
_bDos Continentes,
_c1971]
300 _a78 p. ;
_c21 cm.
700 1 _aCarbonell, Reyes.
_935054
852 _aES-MaACL
_jC-41976
_bR.79474
999 _c90831
_d90831